[Event "Saarland-ch C"]
[Site "Schiffweiler"]
[Date "2009.04.11"]
[Round "9"]
[White "Gross, Sascha"]
[Black "Mecha, David"]
[Result "1-0"]
[WhiteElo "1215"]
[BlackElo "1087"]
[PlyCount "39"]
[EventDate "2009.04.03"]
[EventType "swiss"]
[EventRounds "9"]
[EventCountry "GER"]
[SourceTitle "EXT 2012"]
[Source "ChessBase"]
[SourceDate "2011.11.24"]
[SourceVersion "1"]
[SourceVersionDate "2011.11.24"]
[SourceQuality "1"]

1. e4 e5 2. Nf3 Nc6 3. d4 exd4 4. Nxd4 Nf6 5. Nc3 d5 6. Bb5 Qd6 7. exd5 Nxd5 8. Nxc6 bxc6 9. Qxd5 Qxd5 10. Nxd5 Kd7 11. Ba4 Ba6 12. Bf4 Bd6 13. 0-0-0 Bb5 14. Bxb5 cxb5 15. Nxc7 Kxc7 16. Bxd6+ Kc6 17. Rhe1 Rad8 18. Bg3 Rc8 19. Re7 Rhf8 20. Rxa7 1-0

[Event "Saarland-ch C"]
[Site "Schiffweiler"]
[Date "2009.04.03"]
[Round "1"]
[White "Gross, Sascha"]
[Black "Engel, Markus"]
[Result "0-1"]
[WhiteElo "1215"]
[BlackElo "1437"]
[PlyCount "102"]
[EventDate "2009.04.03"]
[EventType "swiss"]
[EventRounds "9"]
[EventCountry "GER"]
[SourceTitle "EXT 2012"]
[Source "ChessBase"]
[SourceDate "2011.11.24"]
[SourceVersion "1"]
[SourceVersionDate "2011.11.24"]
[SourceQuality "1"]

1. e4 e5 2. Nf3 Nc6 3. Bb5 d6 4. d3 Nf6 5. Nc3 Bd7 6. 0-0 h6 7. Be3 a6 8. Bxc6 Bxc6 9. Qd2 Qd7 10. a3 Be7 11. Rfe1 g5 12. Qe2 0-0-0 13. b4 g4 14. Nd2 h5 15. a4 b6 16. b5 Bb7 17. Nc4 a5 18. Bxb6 d5 19. exd5 Nxd5 20. Nxd5 Qxd5 21. Qe4 Qxe4 22. dxe4 cxb6 23. Nxb6+ Kc7 24. Nc4 Rd4 25. Nxe5 Bxe4 26. Nc6 Bxc6 27. Rxe7+ Rd7 28. Rae1 Ba8 29. c4 Rxe7 30. Rxe7+ Kb6 31. Rxf7 Kc5 32. Rc7+ Kb6 33. Re7 Rc8 34. Re6+ Kb7 35. Re4 Kb8 36. Rf4 Rc5 37. Rf8+ Ka7 38. Rf4 Bb7 39. Rd4 Bc8 40. f3 gxf3 41. gxf3 Be6 42. Kf2 Rxc4 43. Rxc4 Bxc4 44. f4 Bb3 45. f5 Bxa4 46. f6 Bb3 47. Ke2 Kb6 48. Kd2 Kxb5 49. Kc3 Be6 50. Kb2 Kc5 51. Ka3 Kd5 0-1